zpět

Detail výsledku týmu

Dno pytle - Vinohrady, Praha

Datum a čas kvízu

23 Celkem bodů Celkový počet nahraných bodů na tomto kvízu bez doplňovacích otázek.
8. Pořadí na kvízu Konečné umístění týmu na tomto kvízu.

Zaznamenané odpovědi

# Otázka Odpověď Body Výsledky
1. Jisté středočeské město předst... 0
2. Chorvatsko a Slovinsko se už n... 0
3. Pirátská strana využila ve své... 1
4. Končící britská velvyslankyně... 1
5. Naše biatlonistka obsadila skv... 1
6. Současný prezident Miloš Zeman... 1
7. Který z devíti kandidátů ofici... 1
8. Kdo vlastně vyhlašuje preziden... 0
9. Se kterým kandidátem je spojen... 1
10. Jedním ze smyšlených kandidátů... 1